The Brady bunch. The complete first season ... Read More
Available copies
- 1 of 1 copy available at LARL/NWRL Consortium.
Current holds
0 current holds with 1 total copy.
Show Only Available Copies
| Location | Call Number / Copy Notes | Barcode | Shelving Location | Status | Due Date |
|---|---|---|---|---|---|
| Thief River Falls Public Library | DVD BRA (Text) | 35500004936934 | Main | Available | - |
Record details
- ISBN: 1415706816
- ISBN: 9781415706817
- Physical Description: 4 videodiscs (652 min.) : sd., col. ; 4 3/4 in.
- Publisher: Hollywood, Calif. : Paramount, 2005.
Content descriptions
| General Note: | Features: featurettes, scene access, interactive menus. |
| Formatted Contents Note: | The honeymoon -- Dear Libby -- Eenie, meenie, ... Read More |
| Participant or Performer Note: | Robert Reed, Florence Henderson, Ann B. Davis. |
| Date/Time and Place of an Event Note: | Originally broadcast on television in 1969-1970. |
| Summary, etc.: | The adventures of a family created when two ... Read More |
| Target Audience Note: | MPAA rating: Not rated. |
| System Details Note: | DVDs. |
| Terms Governing Use and Reproduction Note: | For private home use only. |
| Language Note: | Closed-captioned. |
Search for related items by subject
| Subject: | Families > Drama. Brady family (Fictitious characters) > Drama. |
| Genre: | Television comedies. Films for the hearing impaired. Television programs. |
Search for related items by series
| LDR | 02569cgm a2200505La 4500 | ||
|---|---|---|---|
| 001 | 107024 | ||
| 003 | LARL_NWRL_CONSORTIUM | ||
| 005 | 20090821093838.0 | ||
| 007 | vd cvaizu | ||
| 008 | 050208s2005 cau652 g vleng d | ||
| 020 | . | ‡a1415706816 | |
| 020 | . | ‡a9781415706817 | |
| 024 | 1 | . | ‡a00097360405644 |
| 028 | 4 | 2. | ‡a040564 ‡bParamount |
| 035 | . | ‡a(OCoLC)57246008 ‡z(OCoLC)178883921 | |
| 082 | 0 | 4. | ‡a791.45/72 ‡222 |
| 082 | 0 | 4. | ‡a791.45/75 ‡222 |
| 245 | 0 | 4. | ‡aThe Brady bunch. ‡nThe complete first season ‡h[DVD/videorecording] / ‡cdirected by John Rich ... [et al.] ; written by Sherwood Schwartz ... [et al.]. |
| 260 | . | ‡aHollywood, Calif. : ‡bParamount, ‡c2005. | |
| 300 | . | ‡a4 videodiscs (652 min.) : ‡bsd., col. ; ‡c4 3/4 in. | |
| 490 | 0 | . | ‡aBrady bunch; ‡vSesaon 1 |
| 538 | . | ‡aDVDs. | |
| 546 | . | ‡aClosed-captioned. | |
| 511 | 1 | . | ‡aRobert Reed, Florence Henderson, Ann B. Davis. |
| 518 | . | ‡aOriginally broadcast on television in 1969-1970. | |
| 500 | . | ‡aFeatures: featurettes, scene access, interactive menus. | |
| 521 | 8 | . | ‡aMPAA rating: Not rated. |
| 540 | . | ‡aFor private home use only. | |
| 520 | . | ‡aThe adventures of a family created when two divorces people with children, marry each other. | |
| 505 | 0 | . | ‡aThe honeymoon -- Dear Libby -- Eenie, meenie, mommy, daddy -- Alice doesn't live here anymore -- Katchoo -- A clubhouse is not a home -- Kitty karry-all is missing -- A-camping we will go -- Sorry, right number -- Every boy does it once -- Vote for Brady -- The voice of Christmas -- Is there a doctor in the house? -- Father of the year -- 54-40 and fight -- Mike's horror-scope -- The undergraduate -- Tiger, tiger! -- The big sprain -- Brace yourself -- The hero -- The possible dream -- To move or not to move -- The grass is always greener -- Lost locket, found locket. |
| 650 | 0. | ‡aFamilies ‡vDrama. ‡0(LARL_NWRL_CONSORTIUM)164935 | |
| 650 | 0. | ‡aBrady family (Fictitious characters) ‡vDrama. | |
| 655 | 0. | ‡aTelevision comedies. ‡0(LARL_NWRL_CONSORTIUM)175737 | |
| 655 | 0. | ‡aFilms for the hearing impaired. ‡0(LARL_NWRL_CONSORTIUM)175629 | |
| 655 | 0. | ‡aTelevision programs. ‡0(LARL_NWRL_CONSORTIUM)175822 | |
| 700 | 1 | . | ‡aRich, John, ‡d1925- ‡0(LARL_NWRL_CONSORTIUM)138599 |
| 700 | 1 | . | ‡aReed, Robert, ‡d1932-1992. ‡0(LARL_NWRL_CONSORTIUM)204464 |
| 700 | 1 | . | ‡aHenderson, Florence. ‡0(LARL_NWRL_CONSORTIUM)82488 |
| 700 | 1 | . | ‡aDavis, Ann B., ‡d1926- ‡0(LARL_NWRL_CONSORTIUM)203706 |
| 901 | . | ‡a107024 ‡bOCLC ‡c107024 ‡tbiblio | |

Add to basket
Permalink
Disable Highlighting